Регионална библиотека "Любен Каравелов" - Русе

Кръвта на цветята (Запис номер 418233)

MARC детайли
000 -Лидер
Контролно поле с фиксирана дължина 01155nam a2200277 a 4500
003 - Код на организацията, давaща контролен номер
Контролно поле BLK
005 - Дата и час на последна редакция
Контролно поле 20250729100739.0
008 - Елементи от данни с фиксирана дължина
fixed length control field 180411b bul|||||r ||||||| ||bul||
010 ## - Наследен системен номер
LC control number KNG00188360000
020 ## - Международен стандартен номер на книга ISBN
Международен стандартен номер на книга ISBN 9786197055856
040 ## - Източник на каталожния запис
Идентификатор на билиотеката - собственик на записа BLK
041 ## - Код за език
Код за езика на текст/звукозапис или на отделно заглавие Български
Код за езика КДБФ Български
072 #7 - Код за тематичната категория
Код организация bullib
Код за тематична категория Н83
Текст Чужда художествена литература Н
080 ## - УДК
Текстов определител УДК Американска литература (на САЩ)
УДК код - определител по УДК 821.111(73)
УДК определител -31
УДК - код + определител 821.111(73)-31
100 ## - Редна дума - Автор
Автор Амиррезвани, Анита
Авторска отговорност първи автор
R(LIN) 456686
139 ## - Редно поле
Редна дума Амиррезвани, Анита
Авторски знак Ами - А 62
245 10 - Сведения за заглавието
Заглавие Кръвта на цветята
Редно поле (дума) Анита Амиррезвани; прев. от англ. Лидия Шведова
257 ## - Страна на издаване
Страна на създаване/издаване България
260 ## - Област на издателските данни
Място на издаване, разпространение и проч. София
Име на издателя, разпространителя и проч. Лабиринт
Година на издаване 2021
9 (RLIN) 210561
Печатница София : Симолини 94
300 ## - Физическа характеристика
Страници 362 с.
Размери/Мащаб 20 см
380 ## - Жанр
Жанр Худож. лит.
500 ## - Общи забележки
Забележка Ориг. загл.: The Blood of Flowers / Anita Amirrezvani.
700 ## - Други автори (авторска отговорност)
Лично име Шведова, Лидия Михайлова
9 (RLIN) 247118
Автороска отговорност (Описва отношението между автора и произведението) прев. от англ.
999 ## - СИСТЕМНИ КОНТРОЛНИ НОМЕРА
Koha biblionumber 418233
Koha biblioitemnumber 418233
942 ## - АРТИКУЛИ
Вид на библиотечния материал Книги
Скрит в OPAC Не
Koha issues (borrowed), all copies 51
Периодичен библиозапис Да
944 ## - СЪЗДАВАНЕ И РЕДАКЦИЯ на ЗАПИСА
Служител, извършил регистрацията/редакцията 30575
Статус, дата на статуса Мартин Енчев
Наличности
Код за отписване Код за изгубен артикул Източник на класификационната схема Код за повреда Коз за рестрикции Код за отдаване Артикулен № Име на библиотеката - собственик Име на библиотеката, в която се намира в момента Статус (Текущо местоположение) Дата на вписване в системата Местоположение - отдел Цена в лева Систематично азбучна сигнатура Баркод Цена в евро Служебен тип на артикула
  Не е изгубен Universal Decimal Classification Не е повреден без рестрикции заемане за дома 838073 Регионална библиотека "Любен Каравелов" Русе Регионална библиотека "Любен Каравелов" Русе Заемна - подръчен фонд 2021-06-18 Заемна - подръчен фонд 13.44 821-31/А 62 А 120000857017 6.87 Книги
  Не е изгубен Universal Decimal Classification Не е повреден без рестрикции заемане за дома 838177 Регионална библиотека "Любен Каравелов" Русе Регионална библиотека "Любен Каравелов" Русе Заемна - подръчен фонд 2021-06-18 Заемна - подръчен фонд 13.43 821-31/А 62 А 120000857087 6.87 Книги
  Не е изгубен Universal Decimal Classification Не е повреден само за читалня ползва се в читалня 868166 Регионална библиотека "Любен Каравелов" Русе Регионална библиотека "Любен Каравелов" Русе Хранилище 2022-01-18 Хранилище 17.90 Цб 310203 120000863951 9.15 Книги
Vip Innovations Ltd, Rousse, Bulgaria 2025